000 00738nam a2200241 i 4500
001 C2-0291992
003 PPAK
005 20180728024150.0
008 081113s2008 my a|||| ||||| | may d
040 _aPPAK
_beng
_cPPAK
_erda
082 0 4 _a297.4
_223
090 0 0 _a297.4
_bMOH
_dKK
100 0 _aMohd. Hazli bin Ismail,
_eauthor
245 1 0 _aMiskin harta kaya jiwa
_bKhutbah Jumaat bil. 38
264 1 _aKedah :
_bJabatan Hal Ehwal Agama Islam Negeri Kedah ,
_c2008
300 _a15 pages :
_bcolour illustrations ;
_c21 cm
336 _2rdacontent
_atext
337 _2rdamedia
_aunmediated
338 _2rdacarrier
_avolume
500 _aKhutbah jumaat - Teks dalam tulisan jawi
650 1 0 _aIslamic sermons
942 _ddc
_cB
999 _c97028
_d97028